[Event "12th Agzamov Memorial 2018"]
[Site "Tashkent"]
[Date "2018.04.30"]
[Round "9"]
[White "Tokhirjonova, Gulrukhbegim"]
[Black "Kotanjian, Tigran"]
[Result "0-1"]
[WhiteElo "2348"]
[BlackElo "2481"]
[Annotator "TA"]
[PlyCount "100"]
[EventDate "2018.??.??"]
[EventType "swiss"]
[EventCountry "UZB"]
[SourceTitle "playchess.com"]
[Source "ChessBase"]
[SourceQuality "1"]

{[%evp 24,100,13,0,17,19,28,11,19,8,8,8,30,0,0,-20,0,-30,18,0,10,0,59,24,71,77,70,48,54,57,97,91,88,79,79,71,78,0,216,0,0,-101,-101,-112,-147,-522,-512,-557,-535,-649,-642,-682,-694,-678,-669,-733,0,-655,-646,-923,-923,-899,-877,-769,-539,-689,-462,-912,-485,-1057,-516,-3057,-2403,-1802,-1800,-1683,-1186,-29978,-4698]} 1. d4 Nf6 2. c4 c5 3. d5 e6 4. Nc3 exd5 5. cxd5 d6 6. e4 g6 7. Bg5 Bg7 8. h3 O-O 9. Bd3 a6 10. Nf3 {A65: Modern Benoni: 6 e4} (10. a4 Nbd7 11. Nf3 Re8 12. O-O Qe7 13. Nd2 h6 14. Be3 Ne5 15. Be2 g5 16. f4 gxf4 17. Bxf4 Nfd7 18. Bh5 Rf8 19. Bh2 Rb8 20. Qe2 {0-1 (36) Aczel,G (2549)-Indjic,A (2611) Budapest 2017}) 10... b5 11. a3 Nbd7 12. O-O Re8 13. Re1 {LiveBook: 5 Games} Qc7 (13... c4 {is more complex.} 14. Bc2 Qb6 15. Be3 Nc5 16. Nd4 Bb7) 14. Qd2 Ne5 $146 ({Predecessor:} 14... Rb8 15. Rac1 b4 16. axb4 Rxb4 {0-1 (43) Marichal Gonzalez,A (2306)-Duran,R (2126) San Cristobal 2012}) 15. Nxe5 Rxe5 16. Bf4 Re8 17. Rac1 c4 18. Bc2 Nd7 19. Bg3 Nc5 20. f4 Bb7 21. Kh1 Rad8 22. Rcd1 Qa5 (22... Qd7 $11) 23. Bf2 b4 24. axb4 Qxb4 25. Bd4 Bxd4 26. Qxd4 a5 27. e5 Qxb2 28. Re2 {Hoping for Bxg6!} dxe5 29. fxe5 {Strongly threatening Bxg6.} Qb4 30. Rf1 (30. Re3 $16) 30... Rd7 $2 (30... Rf8 $1 $11 {and Black is okay.}) 31. Rf3 $2 (31. Rb1 $18 Nb3 32. Qg4) 31... Red8 $36 {[%cal Rb7d5][%mdl 2048] Black is more active.} 32. e6 {[#]} (32. Be4 $1 $11) 32... Nxe6 $1 $17 {[%mdl 512]} 33. Rxe6 (33. dxe6 Rxd4) 33... fxe6 34. Ne4 $2 {[%mdl 8192]} (34. Bxg6 $17 hxg6 35. Ne4) 34... Rg7 $1 $19 35. Nf6+ Kh8 36. Rg3 Bxd5 37. Kh2 Qe7 38. Qe5 Qc7 39. Qg5 Qe7 40. Qe5 $1 Rf8 41. Nxd5 exd5 42. Qxd5 Qc7 43. Qd4 c3 44. Qe3 Re7 45. Qd3 (45. Qxc3+ $142 Qxc3 46. Rxc3) 45... Qe5 46. Bb3 (46. Qxc3 $142 Rf2 47. Qxe5+ Rxe5 48. Ba4) 46... Kg7 (46... Rc7 $142 47. Bc2 Rf2) 47. Qc4 (47. Qxc3 $142 Qxc3 48. Rxc3) 47... Rc7 48. Qd3 a4 49. Bxa4 Rf2 {Threatens to win with ...c2.} 50. Kg1 {[#]} Rd2 {Precision: White = 21%, Black = 36%.} (50... c2 $142 $1 {[%mdl 512]} 51. Bxc2 Rcxc2 52. Qd7+ Kh6 53. Qd3 Qf4 54. Qe3 {[#]} Rxg2+ $1 {[%mdl 512]} 55. Kh1 Rh2+ 56. Kg1 Rcg2+ $1 {[%mdl 512]} 57. Rxg2 Rxg2+ 58. Kh1 Qxe3 59. Kxg2 Kg5 60. Kf1 Qd2 61. h4+ Kxh4 62. Kg1 Kg3 63. Kh1 Qh2#) 0-1

[Event "12th Agzamov Memorial 2018"]
[Site "Tashkent"]
[Date "2018.04.30"]
[Round "9"]
[White "Rahman, Adel"]
[Black "Dzhumaev, Marat"]
[Result "1-0"]
[WhiteElo "2331"]
[BlackElo "2451"]
[Annotator "TA"]
[PlyCount "93"]
[EventDate "2018.??.??"]
[EventType "swiss"]
[EventCountry "UZB"]
[SourceTitle "playchess.com"]
[Source "ChessBase"]
[SourceQuality "1"]

{[%evp 20,93,81,79,123,123,110,111,132,128,129,129,140,136,145,145,176,168,179,139,168,155,149,155,261,254,237,211,260,262,232,236,356,360,535,537,537,547,525,517,578,354,497,456,600,581,563,382,1045,1034,1034,761,733,709,1049,1037,29990,29990,29992,29987,29990,1285,29975,29976,29987,29988,29995,29991,29992,29993,29993,29994,29995,29996,29996,29997]} 1. d4 c5 2. d5 e5 3. e4 d6 4. Nc3 a6 5. a4 Be7 6. Nf3 Bg4 7. h3 Bxf3 {A44: Semi-Benoni} 8. Qxf3 Bg5 9. Bxg5 Qxg5 10. Qg4 (10. a5 Nd7 11. h4 Qd8 12. Nd1 Ne7 13. Ne3 O-O 14. Bd3 b5 15. axb6 Nxb6 {1-0 (51) Loiseau,Q (2419)-Laurusas,T (2429) Khanty-Mansiysk 2015}) 10... Qxg4 11. hxg4 {LiveBook: 3 Games} f6 12. a5 Nd7 13. Nd1 $146 ({Predecessor:} 13. g3 Nh6 14. Be2 Nf7 15. Kd2 {1-0 (62) Cantore,A (2168)-Malano,F (2028) Turin 2000}) 13... Ne7 14. Ne3 O-O-O 15. Bd3 Kc7 16. Ke2 Rdg8 17. c3 g6 18. Rh6 Rg7 19. b4 Rf8 20. Rb1 Ng8 21. Rhh1 Re7 (21... cxb4 $16 {is a better defense.} 22. cxb4 Ne7) 22. b5 $18 axb5 23. Rxb5 Ra8 24. Rhb1 Ra7 25. Nc4 f5 (25... Nh6 $142 26. Rh1 Ng8) 26. g5 ({Not} 26. exf5 e4 $18) ({Less strong is} 26. gxf5 gxf5 27. Rb6 (27. exf5 Ngf6 $16) 27... Ngf6 $18) 26... fxe4 (26... h6 {keeps fighting.} 27. Rb6 hxg5 28. Rxd6 fxe4) 27. Bxe4 h6 {[#]} 28. Rb6 $1 {[%mdl 512]} hxg5 (28... Nxb6 29. axb6+) 29. Rxd6 Ngf6 30. f3 {Strongly threatening Rxf6!} Rh7 (30... Re8 $142 31. Bxg6 Rf8) 31. Re6 Rh4 32. Kd3 g4 33. Nd6 Rxa5 $2 (33... Kb8 34. Re7 gxf3) 34. Rxb7+ Kd8 {[#]} 35. Rxd7+ $1 {[%mdl 512]} Kxd7 36. Rxf6 Ra2 37. Nc4 Rxg2 38. Nxe5+ Ke7 39. Re6+ Kd8 40. Nxg4 (40. d6 $142 c4+ 41. Kxc4 Rd2 42. Rxg6 Rh8 43. Nf7+ Kc8 44. Nxh8 gxf3 45. Bxf3) 40... Rh1 41. Ne5 {White mates.} Rc1 42. d6 Rgc2 43. Bc6 {[%csl Gc6][%cal Re6e8]} Rxc3+ 44. Ke4 {[%csl Gc6][%cal Re6e8]} Re1+ 45. Kf4 {[%csl Gc6][%cal Re6e8]} Rc4+ 46. Kg5 {[%csl Gc6][%cal Re6e8]} Rg1+ 47. Ng4 {Precision: White = 79%, Black = 17%.} 1-0

[Event "12th Agzamov Memorial 2018"]
[Site "Tashkent"]
[Date "2018.04.30"]
[Round "9"]
[White "Kurbonboeva, Sarvinoz"]
[Black "Duzhakov, Ilya"]
[Result "0-1"]
[WhiteElo "2219"]
[BlackElo "2421"]
[Annotator "TA"]
[PlyCount "117"]
[EventDate "2018.??.??"]
[EventType "swiss"]
[EventCountry "UZB"]
[SourceTitle "playchess.com"]
[Source "ChessBase"]
[SourceQuality "1"]

{[%evp 19,117,0,0,0,4,0,6,-20,-21,-39,-41,-13,-6,-11,-6,-6,-4,-12,-3,-6,-7,-4,-4,-18,-18,-18,-14,-5,-7,-10,-14,-33,-33,-46,-44,-152,-152,-149,-141,-175,-162,-149,-44,-44,-44,-143,-141,-187,-187,-187,-187,-187,-187,-211,-212,-190,-139,-139,-139,-137,-137,-125,-130,-281,-294,-297,-301,-289,-293,-302,-310,-314,-300,-293,-288,-370,-347,-484,-333,-335,-310,-298,-303,-335,-338,-360,-325,-548,-541,-533,-529,-525,-510,-478,-452,-1627,-1612,-1604,-1478,-29987]} 1. d4 Nf6 2. c4 g6 3. Nc3 d5 4. cxd5 Nxd5 5. Bd2 Nb6 6. e3 {D85: Exchange Grünfeld: Unusual White 7th moves and lines with 7 Nf3} Bg7 7. f4 c5 8. dxc5 N6d7 9. Na4 e5 10. Nf3 exf4 {LiveBook: 4 Games} 11. exf4 {White wants to play Qe2+.} O-O $1 12. Be2 Qe7 13. O-O Nxc5 14. Re1 $146 ({Predecessor:} 14. Nxc5 Qxc5+ {0-1 (34) Savina,A (2422)-So,W (2778) Montpellier 2015}) 14... Nxa4 15. Qxa4 Bd7 16. Qb4 Qxb4 17. Bxb4 Rd8 18. Be7 Re8 19. Ba3 Nc6 20. Bc4 h6 21. Rad1 Bg4 22. Bd5 Rxe1+ 23. Rxe1 Rd8 24. Bxc6 bxc6 25. Ne5 Be6 26. Bb4 Rd4 27. Nxc6 ({Better is} 27. Bc5 $15 Rxf4 28. Nxg6) 27... Rc4 $1 $17 {[%cal Rc4c6]} (27... Rxf4 28. b3 $11) 28. Ne7+ Kh7 29. Ba3 Bd4+ 30. Kh1 Bc5 (30... Rc2 $17 31. h3 Bxa2) 31. Bxc5 $15 Rxc5 {[%mdl 4096] Endgame KRB-KRN} 32. g4 (32. Kg1 $1 $15) 32... Bxg4 $17 ({Don't play} 32... Bxa2 33. Ra1 $15) 33. Kg2 Be6 {Hoping for ...Rc7.} 34. Re5 Rc2+ 35. Kg3 Rxb2 36. a4 {[#]} Rb3+ $1 37. Kg2 Bd7 ({Black should try} 37... Rb4 $19 38. f5 gxf5) 38. Ra5 Rb4 39. Rxa7 Bxa4 40. f5 {[#]} g5 $1 41. Ng6 $2 (41. Nc8 $17 {was called for.}) 41... Bc6+ $19 42. Kf2 Kg7 43. Ne5 Rf4+ 44. Kg3 Bd5 45. Rd7 Bb3 46. Nf3 Bc2 47. Nd4 Bxf5 48. Rd6 Bg6 49. Rd7 {Ne6+ is the strong threat.} Re4 50. Nf3 Bf5 51. Rc7 Be6 52. Rc5 Kf6 53. h4 $2 (53. Kf2) 53... gxh4+ {Black is clearly winning.} 54. Kf2 Kg6 55. Ne5+ Kg7 56. Nf3 Ra4 57. Rh5 (57. Rc2 $142) 57... Ra2+ 58. Ke3 Bg4 59. Kd4 {Precision: White = 43%, Black = 81%.} 0-1

[Event "12th Agzamov Memorial 2018"]
[Site "Tashkent"]
[Date "2018.04.30"]
[Round "9"]
[White "Khusenkhojaev, Mustafokhuja"]
[Black "Korneev, Oleg"]
[Result "0-1"]
[WhiteElo "2218"]
[BlackElo "2546"]
[Annotator "TA"]
[PlyCount "54"]
[EventDate "2018.??.??"]
[EventType "swiss"]
[EventCountry "UZB"]
[SourceTitle "playchess.com"]
[Source "ChessBase"]
[SourceQuality "1"]

{[%evp 25,54,0,-3,-25,-16,-55,-58,-57,-31,-40,-28,-139,-121,-133,-122,-135,-130,-461,-453,-825,-764,-1032,-942,-990,-972,-29987,-29988,-29988,-29989,-29990,-29990]} 1. d4 d5 2. Nf3 Nf6 3. c4 e6 4. Bg5 h6 5. Bxf6 Qxf6 6. e3 c6 7. Nc3 Nd7 8. Bd3 g6 9. O-O Bg7 10. e4 dxc4 11. Bxc4 e5 12. dxe5 {D43: Semi-Slav: 5 Bg5 h6} (12. d5 Nb6 13. Bb3 Bg4 14. Rc1 O-O 15. Qd3 Rfd8 16. Nd2 Rac8 17. h3 Bd7 18. a4 cxd5 19. exd5 Qf4 20. a5 Na4 21. Bxa4 Bxa4 {½-½ (37) Bauer,R (2565)-Velilla Velasco,F (2550) ICCF email 2016}) 12... Nxe5 13. Nxe5 Qxe5 {LiveBook: 7 Games} 14. Qe2 {The position is equal.} b5 $146 ({Predecessor:} 14... O-O 15. f4 Qc5+ 16. Kh1 b5 17. Bb3 a5 18. e5 a4 19. Bc2 Be6 {½-½ (53) Tasker,M (2062)-Kett,T (2247) Liverpool 2008}) 15. Bb3 a5 {[%cal Ba7a5,Ba5a4,Ba4a3,Ba3b2][%mdl 32] White must now prevent ...a4.} 16. a3 g5 17. Rfd1 O-O 18. Qd3 (18. g3 $11 {keeps the balance.}) 18... a4 $36 {[%mdl 2048] Black has strong initiative.} 19. Ba2 {[#]} b4 $1 {[%mdl 512]} 20. axb4 {[#]} a3 $1 {Hoping for ...Bg4.} 21. b5 $2 {[%mdl 8192]} (21. Bb3 $17) 21... Bg4 $19 22. f3 (22. bxa3 $142 Bxd1 23. Rxd1 Rxa3 24. bxc6) 22... axb2 23. Bxf7+ Kxf7 24. Rxa8 Rxa8 25. fxg4 Qxc3 {Black mates.} 26. Qd7+ Kg8 27. bxc6 {[#]} Qd4+ $1 {[%mdl 512] Precision: White = 13%, Black = 76%.} 0-1